Catálogo
 En Linea

Peñas arribas; : (Registro nro. 22158)

Detalles MARC
000 -CABECERA
campo de control de longitud fija 00818nam a2200241 a 4500
001 - NÚMERO DE CONTROL
campo de control 000022661
005 - FECHA Y HORA DE LA ÚLTIMA TRANSACCIÓN
campo de control 20200930021726.0
008 - DATOS DE LONGITUD FIJA--INFORMACIÓN GENERAL
campo de control de longitud fija 101014s1997 es 001 0 spa d
020 ## - NÚMERO INTERNACIONAL ESTÁNDAR DEL LIBRO
Número Internacional Estándar del Libro 8423988120
040 ## - FUENTE DE LA CATALOGACIÓN
Centro catalogador/agencia de origen DO-SdBNP
Lengua de catalogación spa
Centro/agencia transcriptor BNPHU
082 ## - NÚMERO DE LA CLASIFICACIÓN DECIMAL DEWEY
Número de clasificación xxxx
Número de documento/Ítem P434p
049 ## - FONDOS LOCALES (OCLC)
Fondos de biblioteca BNPD
100 1# - ENTRADA PRINCIPAL--NOMBRE DE PERSONA
Nombre de persona Pereda, José M. de
Fechas asociadas al nombre 1833-1906
9 (RLIN) 46620
245 10 - MENCIÓN DE TÍTULO
Título Peñas arribas; :
Resto del título De tal palo tal astilla ; El sabor de la tierra /
Mención de responsabilidad, etc. José M. de Pereda.
260 ## - PUBLICACIÓN, DISTRIBUCIÓN, ETC.
Lugar de publicación, distribución, etc. Madrid, :
Nombre del editor, distribuidor, etc. Editorial Espasa Calpe,
Fecha de publicación, distribución, etc. 1997.
Fabricante Huertas
300 ## - DESCRIPCIÓN FÍSICA
Extensión 767 p. ;
Dimensiones 22 cm.
490 1# - MENCIÓN DE SERIE
Mención de serie Antología de la literatura universal
563 ## - NOTA DE ENCUADERNACIÓN
Nota de encuadernación Varias obras empaginadas en páginas continuas
740 2# - PUNTO DE ACCESO ADICIONAL--TÍTULO RELACIONADO O ANALÍTICO NO CONTROLADO
Título relacionado o analítico no controlado Peñas Arribas
740 2# - PUNTO DE ACCESO ADICIONAL--TÍTULO RELACIONADO O ANALÍTICO NO CONTROLADO
Título relacionado o analítico no controlado De tal palo tal astilla
740 2# - PUNTO DE ACCESO ADICIONAL--TÍTULO RELACIONADO O ANALÍTICO NO CONTROLADO
Título relacionado o analítico no controlado El sabor de la tierra
830 #0 - PUNTO DE ACCESO ADICIONAL DE SERIE-TÍTULO UNIFORME
Título uniforme Antología de la literatura universa
9 (RLIN) 46616
Existencias
Estado de retiro Estado de pérdida Restricciones de uso No para préstamo Código de colección Localización permanente Ubicación/localización actual Ubicación en estantería Fecha de adquisición Número de inventario Total de préstamos Signatura topográfica completa Código de barras Fecha visto por última vez Precio válido a partir de Tipo de ítem Koha
        Monografías: Libros y Folletos General General Depósito 14.10.2010 LF1   xxxx P434p 22661-10 25.06.2020 25.06.2020 Préstamo en sala

Con tecnología Koha